000 01044nam a22002777a 4500
003 BD-DhSAU
005 20181217144039.0
008 160324b2014 bg ||||| |||| 001 0 eng d
040 _aBD-DhSAU
082 _222
_a595.7
_bR1477
100 _aRahman, Md. Zillur
_eRegistration no. # 12-05242
245 _aEffect of bee pollination on the yield of sesame, sesamum indicum L. /
_bMS thesis
260 _aSher-e-Bangla Agricultural Uniersity :
_bDepartment of Entomology,
_c2014
300 _avi, 55 p. :
_bill. ;
_c30 cm.
500 _aS thesis of Department of Entomology, Faculty of Agriculture, Sher-e-Bangla Agricultural University, Dhaka, Bangladesh
590 _aMd. Sirajul Islam
650 _aEntomology
650 _aPollination
650 _aYield
650 _aSesame
650 _2Indicum
700 _aAli, Mohammed
_eSupervisor
700 _aHossain, Mohammed Sakhawat
_eCo-Supervisor
856 _uhttp://archive.saulibrary.edu.bd:8080/xmlui/handle/123456789/1490
_yOnline Access
942 _2ddc
_cTHESIS
999 _c13268
_d13267